LIBRARY & INFORMATION CENTRE, KCAET, TAVANUR

ONLINE PUBLIC ACCESS CATALOGUE (OPAC)

Healthful Living / (Record no. 1261)

MARC details
000 -LEADER
fixed length control field 00384cam a2200145ua 4500
041 ## - LANGUAGE CODE
Language code of text/sound track or separate title eng
082 ## - DEWEY DECIMAL CLASSIFICATION NUMBER
Classification number 613
Item number WIL/HE
100 ## - MAIN ENTRY--AUTHOR NAME
Personal name Williams, Jesse feiring .
245 ## - TITLE STATEMENT
Title Healthful Living /
260 ## - PUBLICATION, DISTRIBUTION, ETC. (IMPRINT)
Place of publication Melbourne :
Name of publisher MacMillan and Company Limited ,
Year of publication 1957.
300 ## - PHYSICAL DESCRIPTION
Number of Pages 604 ; .
942 ## - ADDED ENTRY ELEMENTS (KOHA)
Koha item type Books
Holdings
Withdrawn status Lost status Damaged status Home library Current library Date acquired Full call number Accession Number Koha item type
      KAUAET KAUAET 07/04/2012 613 736 Books
free website counter